Les pokémons qui évoluent deux fois (gen1 à gen6) - Statistiques

Statistiques générales
  • Ce quiz a été pris 210 fois
    190 depuis la dernière actualisation
  • Le résultat moyen est 67 sur 85
Statistiques - réponses
Nom du pokémon % Correct
001 Bulbizarre
100%
004 Salamèche
99%
013 Aspicot
98%
007 Carapuce
98%
016 Roucool
98%
010 Chenipan
97%
147 Minidraco
95%
152 Germignon
94%
155 Héricendre
94%
063 Abra
93%
158 Kaiminus
93%
258 Gobou
92%
252 Arcko
91%
255 Poussifeu
91%
393 Tiplouf
91%
066 Machoc
90%
029 Nidoran♀
90%
032 Nidoran♂
90%
074 Racaillou
90%
501 Moustillon
89%
043 Mystherbe
89%
390 Ouisticram
89%
387 Tortipouss
89%
396 Etourmi
88%
092 Fantominus
88%
172 Pichu
88%
239 Elekid
87%
498 Gruikui
87%
173 Mélo
87%
174 Toudoudou
87%
495 Vipélierre
87%
069 Chétiflor
86%
265 Chenipotte
85%
246 Embrylex
85%
240 Magby
85%
280 Tarsal
85%
175 Togepi
83%
650 Marisson
82%
111 Rhinocorne
82%
653 Feunnec
81%
656 Grenousse
81%
371 Draby
80%
060 Ptitard
80%
403 Lixy
79%
519 Poichigeon
78%
374 Terhal
78%
506 Ponchiot
77%
443 Griknot
76%
081 Magnéti
76%
041 Nosferapti
76%
440 Ptiravi
76%
633 Solochi
76%
304 Galekid
75%
273 Grainipiot
72%
116 Hypotrempe
72%
270 Nénupiot
72%
661 Passerouge
72%
610 Coupenotte
70%
406 Rozbouton
70%
543 Venipatte
69%
179 Wattouat
69%
293 Chuchmur
68%
363 Obalie
68%
137 Porygon
68%
328 Kraknoix
67%
540 Larveyette
67%
524 Nodulithe
67%
535 Tritonde
67%
532 Charpenti
66%
220 Marcacrin
65%
704 Mucuscule
64%
577 Nucléos
64%
287 Parecool
64%
607 Funécire
63%
574 Scrutella
63%
187 Granivol
62%
664 Lépidonille
62%
551 Mascaïman
62%
355 Skelénox
62%
582 Sorbébé
62%
602 Anchwatt
61%
298 Azurill
60%
669 Flabébé
59%
679 Monorpale
58%
599 Tic
58%
Aucun quiz correspondant
Distribution des résultats
% des personnes avec chaque résultat
Percentile par nombre de réponses
Votre historique - résultats
Vous n’avez pas pris ce quiz depuis la dernière actualisation